| 000 | 00635nam a22002177a 4500 | ||
|---|---|---|---|
| 005 | 20251108173431.0 | ||
| 008 | 250721s2006 xx 000 0 ara d | ||
| 020 | _a9770708674 | ||
| 082 | 1 | 4 | _a612.821/غني |
| 100 | 1 | _aغنيم، محمد ثروت | |
| 245 | 1 | 0 | _aالنوم و اضطرابات و متاعب الارق و الشخير / |
| 264 | 1 |
_aالقاهرة : _bمؤسسة دار الهلال، _c2006. |
|
| 300 | _a158 ص | ||
| 650 | 1 | 7 | _aالنوم |
| 650 | 1 | 7 | _aالأرق |
| 650 | 1 | 7 | _aالإدراك |
| 650 | 1 | 7 | _aاضطرابات النوم |
| 650 | 1 | 7 | _aالعلاج |
| 942 |
_2ddc _cBK |
||
| 999 |
_c103783 _d103783 |
||